La canción de la pulga / (Record no. 86169)

MARC details
000 -LEADER
campo de control de longitud fija 00531nam a2200169 i 4500
001 - NÚMERO DE CONTROL
campo de control 86169
003 - IDENTIFICADOR DE NÚMERO DE CONTROL
campo de control ES-MaACL
005 - FECHA Y HORA DE LA ÚLTIMA TRANSACCIÓN
campo de control 20230906175405.0
007 - CAMPO FIJO DE DESCRIPCIÓN FÍSICA--INFORMACIÓN GENERAL
campo de control de longitud fija t|
008 - DATOS DE LONGITUD FIJA--INFORMACIÓN GENERAL
campo de control de longitud fija 041209s1959 sp ||||1| spa d
100 1# - ENTRADA PRINCIPAL--NOMBRE DE PERSONA
Nombre de persona Kersh, Gerald.
9 (RLIN) 67938
245 13 - MENCIÓN DEL TÍTULO
Título La canción de la pulga /
Mención de responsabilidad, etc. por Gerald Kersh ; [traducción del inglés por Juan G. de Luaces].
260 ## - PUBLICACIÓN, DISTRIBUCIÓN, ETC.
Lugar de publicación, distribución, etc. Barcelona :
Nombre del editor, distribuidor, etc. José Janés,
Fecha de publicación, distribución, etc. [1959] (
Fabricante P. Hermanos)
300 ## - DESCRIPCIÓN FÍSICA
Extensión 355 p. ;
Dimensiones 17 cm.
700 0# - ENTRADA AGREGADA--NOMBRE PERSONAL
Nombre de persona Luaces, Juan G. de.
9 (RLIN) 74483
852 ## - LOCALIZACIÓN
Ubicación ES-MaACL
Número de control de estantería C-16705
Sublocalización o colección R.44956
Holdings
Estatus retirado Estado de pérdida Estado de daño No para préstamo Biblioteca de origen Biblioteca actual Ubicación en estantería Fecha de adquisición Fuente de adquisición Total de préstamos Signatura topográfica completa Código de barras Visto por última vez Precio de reemplazo Tipo de ítem Koha
        Biblioteca del Ateneo de Madrid Biblioteca del Ateneo de Madrid Galería 17/01/2008     C-16705 1090037 23/02/2023 23/02/2023 Libro impreso